|
|
|
|
| LEADER |
02567cas a2200313 a 4500 |
| 001 |
AALejournalIMF021810 |
| 008 |
230101c9999 xx r poo 0 0eng d |
| 020 |
|
|
|c 5.00 USD
|
| 020 |
|
|
|z 9781513578927
|
| 022 |
|
|
|a 1934-7685
|
| 040 |
|
|
|a BD-DhAAL
|c BD-DhAAL
|
| 110 |
2 |
|
|a International Monetary Fund.
|b Middle East and Central Asia Dept.
|
| 240 |
1 |
0 |
|a Islamic Republic of Mauritania: Sixth Review Under the Extended Credit Facility Arrangement and Request for Waiver of Nonobservance of a Performance Criterion-Press Release; Staff Report; and Statement by the Executive Director for the Islamic Republic of Mauritania.
|l French
|
| 245 |
1 |
0 |
|a Islamic Republic of Mauritania :
|b Sixth Review Under the Extended Credit Facility Arrangement and Request for Waiver of Nonobservance of a Performance Criterion-Press Release; Staff Report; and Statement by the Executive Director for the Islamic Republic of Mauritania.
|
| 264 |
|
1 |
|a Washington, D.C. :
|b International Monetary Fund,
|c 2021.
|
| 300 |
|
|
|a 1 online resource (91 pages)
|
| 490 |
1 |
|
|a IMF Staff Country Reports
|
| 500 |
|
|
|a <strong>Off-Campus Access:</strong> No User ID or Password Required
|
| 500 |
|
|
|a <strong>On-Campus Access:</strong> No User ID or Password Required
|
| 506 |
|
|
|a Electronic access restricted to authorized BRAC University faculty, staff and students
|
| 520 |
3 |
|
|a The COVID-19 pandemic is having a severe human, economic, and social impact on Mauritania. The economy is estimated to have contracted by about 2 percent in 2020 and the crisis generated large financing needs. The authorities responded swiftly to mitigate the impact of the pandemic while international partners provided grants, loans, and debt service suspension. This, compounded by higher commodity exports (iron ore and gold) and some delays in emergency spending, resulted in unexpected fiscal surpluses and an accumulation of international reserves, which may now be used to support the recovery in 2021-22. The outlook remains highly uncertain and dependent on volatile commodity markets, with sizable downside risks in case new waves of the pandemic spill over into Mauritania.
|
| 538 |
|
|
|a Mode of access: Internet
|
| 650 |
|
7 |
|a Debt Management
|2 imf
|
| 650 |
|
7 |
|a Debt
|2 imf
|
| 650 |
|
7 |
|a Health Behavior
|2 imf
|
| 650 |
|
7 |
|a International Lending and Debt Problems
|2 imf
|
| 650 |
|
7 |
|a Sovereign Debt
|2 imf
|
| 830 |
|
0 |
|a IMF Staff Country Reports; Country Report ;
|v No. 2021/052
|
| 856 |
4 |
0 |
|z Full text available on IMF
|u http://elibrary.imf.org/view/journals/002/2021/052/002.2021.issue-052-fr.xml
|z IMF e-Library
|